Statistics for Least known countries

Click here to take the quiz!

General Stats

  • This quiz has been taken 33 times
    (17 since last reset)
  • The average score is 15 of 30

Answer Stats

HintAnswer% Correct
EuropeLiechtenstein
85%
OceaniaTuvalu
77%
AfricaDjibouti
69%
OceaniaNauru
69%
OceaniaPalau
69%
OceaniaTonga
69%
EuropeAndorra
62%
AfricaBenin
62%
OceaniaMarshall Islands
62%
EuropeMoldova
62%
OceaniaVanuatu
62%
OceaniaKiribati
54%
EuropeKosovo
54%
OceaniaMicronesia
54%
AfricaSeychelles
54%
AfricaComoros
46%
AfricaEritrea
46%
AfricaGuinea Bissau
46%
AfricaEquatorial Guinea
38%
S. AmericaGuyana
38%
EuropeSan Marino
38%
AfricaSierra Leone
38%
AsiaTajikistan
38%
N. AmericaDominica
31%
AfricaMauritania
31%
AsiaTurkmenistan
31%
AfricaCentral African Republic
23%
AsiaCyprus
23%
AfricaLibya
23%
AfricaSomalia
15%

Score Distribution

Percentile by Number Answered

Percent of People with Each Score

Your Score History

You have not taken this quiz since the last reset